| 000 | 00705cam a2200229 4500500 | ||
|---|---|---|---|
| 005 | 20260405002418.0 | ||
| 041 | _afre | ||
| 042 | _adc | ||
| 100 | 1 | 0 |
_aLacroix, Alexandre _eauthor |
| 245 | 0 | 0 | _aFrédéric Worms: “Les néofascistes sont les vrais Bisounours !” |
| 260 | _c2017. | ||
| 500 | _a20 | ||
| 690 | _aDémocratie | ||
| 690 | _aFrançois Fillon | ||
| 690 | _aFrédéric Worms | ||
| 690 | _aFront National | ||
| 690 | _aMarine Le Pen | ||
| 690 | _aPolitique | ||
| 690 | _aTrump | ||
| 786 | 0 | _nPhilosophie magazine | 108 | 4 | 2017-04-01 | p. 16-16 | 1951-1787 | |
| 856 | 4 | 1 | _uhttps://shs.cairn.info/magazine-philosophie-magazine-2017-4-page-16?lang=fr&redirect-ssocas=7080 |
| 999 |
_c2057450 _d2057450 |
||